[Event "45th Olympiad 2024"]
[Site "Budapest HUN"]
[Date "2024.09.16"]
[Round "6.62"]
[Board "2"]
[White "Yeung, Jason"]
[Black "Smith, Shreyas"]
[Result "0-1"]
[WhiteElo "1993"]
[BlackElo "2226"]
[PlyCount "66"]
[EventDate "2024.09.11"]
[WhiteTeam "Suriname"]
[BlackTeam "Jamaica"]
[WhiteTeamCountry "SUR"]
[BlackTeamCountry "JAM"]

1. d4 {Stohl,Igor} Nf6 2. c4 g6 3. Nc3 Bg7 4. e4 d6 5. h3 O-O 6. Be3 ({RR} 6. Nf3) ({RR} 6. Bg5 c6 7. Nf3 d5 8. cxd5 ({RR} 8. exd5 cxd5 9. Bxf6 exf6 10. Nxd5 f5) 8... cxd5 9. Bxf6 exf6 10. exd5 b6 11. Be2 Na6 12. O-O Nc7 13. Qb3 Bb7 14. Bc4 Rb8 15. a4 a6 16. Rfe1 b5 17. axb5 axb5 18. Bd3 b4 19. Ne4 f5 20. Ned2 Nxd5) 6... Nc6 ({RR} 6... e5 7. d5 Na6 ({RR} 7... a5 8. g4 Na6 9. Nge2 Nd7 10. Qd2 ({RR} 10. Ng3 Ndc5 ({RR} 10... Bf6) ({RR} 10... Qh4) 11. h4) 10... Ndc5 11. Ng3 c6 12. Be2 cxd5 13. cxd5 ({RR} 13. exd5 f5 14. gxf5 Bxf5 15. Nxf5 gxf5 16. O-O-O Kh8 17. Rhg1 f4 18. Bxc5 Nxc5 19. Qc2 e4 20. Nxe4 Nxe4 21. Qxe4 Qf6 22. Rd2 f3 23. Bd3 Qh6) 13... a4 14. h4 Bd7 15. h5 Rc8 16. Kf1 a3 17. b3 Qa5 18. Rc1 f6 19. Kg2 Nb4 20. hxg6 hxg6 21. Bh6 Rf7 22. Rh2 {RR} Re8) 8. g4 ({RR} 8. Nf3 Nh5 9. a3 ({RR} 9. Nh2 Qe8 10. Be2 Nf4 ({RR} 10... f5)) 9... f5 10. b4 Nb8 11. Qb3 ({RR} 11. c5) 11... Nd7 12. c5 Qe7 13. Rd1 Ndf6 14. Bg5 b6 15. Nd2 h6 16. Bxf6 Bxf6 17. Bc4 Kh7 18. cxd6 cxd6 19. O-O Bd7 20. Ba6 Rf7 21. Rfe1 Rg8 22. Rc1 Bg5) 8... Nc5 9. f3 c6 ({RR} 9... Ne8 10. Qd2 f5 11. exf5 gxf5 12. O-O-O) ({RR} 9... h5 10. Qd2 ({RR} 10. g5 Nh7 ({RR} 10... Nfd7 11. b4 Na6 12. a3 Nab8 13. h4 a5 14. Rb1 Na6 15. Kf2 Qe8 16. Kg2 axb4 17. axb4 Qe7 18. Qd2 c5 19. dxc6 bxc6 20. b5 cxb5 21. cxb5 Nac5 22. Nd5) 11. h4 f6 12. Qd2 fxg5 13. hxg5 Rf4) 10... Nh7 11. O-O-O h4 12. Bd3 Nxd3+ 13. Qxd3 f5 14. Rh2 Kh8 15. Rg2 Bd7 16. exf5 gxf5 17. g5 f4 18. Bf2 Qe8 19. Ne4 Bf5 20. Bxh4 Qh5 21. Bf2 Bxe4 22. fxe4 Nxg5 23. Rg4 Nh7 24. Nf3) 10. Qd2 cxd5 11. cxd5 Bd7 12. Nge2 h5 13. Nc1 ({RR} 13. Rg1) 13... Rc8 14. Nb3 Nxb3 15. axb3 a6 16. Bd3 Nh7 17. O-O-O h4 18. Kb1 Bf6 19. f4 exf4 20. Bxf4 Re8 21. Rhf1) ({RR} 6... c5 7. d5 ({RR} 7. dxc5 Qa5 8. Bd3 dxc5 9. e5 Nfd7 10. f4 Rd8 ({RR} 10... f6) 11. Nf3 ({RR} 11. Qe2 Nc6 12. Nf3 Nd4 13. Nxd4 Nxe5 14. fxe5 cxd4 15. Bd2 dxc3 16. Bxc3 Qb6 17. O-O-O Be6) 11... Nxe5 ({RR} 11... Nc6 12. Qb1 ({RR} 12. O-O Nb4) 12... Nb6 13. O-O Nb4 14. Be2 Bf5 15. Ne4 Qa4 16. b3 Qc6 17. Nfg5 h6 18. g4) 12. Nxe5 Bxe5 13. fxe5 Bf5 14. O-O Rxd3 ({RR} 14... Bxd3 15. e6 f5 16. Nd5 Bxf1 17. Nxe7+ Kf8 18. Qf3) 15. Qe2 Rxc3 16. bxc3 Nc6 ({RR} 16... Be6 17. Rab1 Qc7 18. Rf4 Nd7 19. Qf3 Rb8 20. Rh4 Qxe5 21. Re4 Qxc3 22. Bf4 Qxf3 23. gxf3) 17. Rxf5 gxf5 18. Rf1 Qxc3 19. Rxf5 Nxe5) ({RR} 7. Nf3 Qa5 ({RR} 7... cxd4 8. Nxd4 Nc6 9. Be2 Nxd4 10. Bxd4 Bd7 11. O-O a5 12. Qc2 Bc6 13. Rad1 Nd7 14. Bxg7 Kxg7 15. Bg4 Ne5 16. c5 Nxg4 17. hxg4 Qc8 18. cxd6 Qxg4 19. dxe7 Rfe8 20. Nd5 Bxd5 21. Qc3+ Kg8 22. exd5) 8. Bd3 ({RR} 8. Nd2 cxd4 9. Nb3 Qxc3+ 10. bxc3 dxe3 11. f3 Nh5 12. Qc1 Bh6 13. g4 Nf4 14. Kd1 Ne6 15. Kc2 Nc6 16. h4 Bf4 17. Qd1 Ne5 18. Nc1 Bd7 19. a4 Rac8 20. Ne2 Bh6 21. g5 Bg7 22. Bh3 Nxf3) 8... Nfd7 9. O-O Nc6 10. Be2 cxd4 11. Nxd4 Nxd4 12. Bxd4 Bxd4 13. Qxd4 Ne5 14. Rad1 Be6 15. b3 a6 16. Qe3 ({RR} 16. f4 Nc6 17. Qd2) 16... b5 17. f4 b4 18. Nd5 ({RR} 18. Na4 Nxc4) 18... Nc6 19. Bf3) 7... e6 8. Bd3 exd5 ({RR} 8... Na6 9. Nf3 Re8 10. O-O Nc7 11. a4 Na6 12. Nd2 ({RR} 12. Rc1 Nb4 13. Bb1) 12... Nb4 13. Be2 b6 14. Qb3 a6 15. Rae1 Ra7 16. Qd1 Rae7 17. Qb1 Qc7 18. Bf4 e5 19. Be3 Nd7 20. Bg4 Rf8 21. Kh1 Ree8 22. Be2 Qd8 23. Nf3) 9. exd5 ({RR} 9. cxd5 b5 10. Nxb5 Re8 11. Nc3 Nxe4 12. Nxe4 f5) 9... Na6 ({RR} 9... Re8 10. Nf3 Bh6 11. O-O) 10. Nf3 Nb4 ({RR} 10... Bf5 11. Bxf5 gxf5 12. O-O Ne4 13. Nxe4 fxe4 14. Ng5 Qe7 15. Qg4 f5 16. Qh5 Bxb2 17. Rab1 Be5 18. Ne6 Rf7 19. f4 Bh8 20. g4) 11. Be2 ({RR} 11. Bb1 b5 12. a3 ({RR} 12. Nxb5 Ba6 13. a4 Nfxd5) 12... Qa5 13. O-O bxc4) 11... Bf5 12. Rc1 Ne4 ({RR} 12... Qa5 13. Qd2 Ne4 14. Nxe4 Bxe4 15. a3 Bxb2 16. axb4 Qxb4 17. Qxb4 cxb4 18. Rd1 Bc2 19. Rd2 Bc3 20. Bd4 Bxd2+ 21. Kxd2) ({RR} 12... Re8 13. a3 Na6) 13. g4 Nxc3 14. bxc3 Nxa2 15. gxf5 Nxc1 16. Qxc1 Qf6 17. fxg6 Qxc3+ 18. Qxc3 Bxc3+ 19. Kd1 hxg6 20. Kc2 Bg7 21. Rb1) ({RR} 6... c6 7. Nf3 d5 8. e5 Ne4 9. Qb3) 7. d5 ({RR} 7. Nf3 e5 8. d5 Nd4 9. Nxd4 exd4 10. Bxd4 Nxe4 11. Nxe4 ({RR} 11. Bxg7 Re8) 11... Qh4 12. g4 Re8 13. Bg2 Bf5 14. O-O Bxe4 15. Bxg7 Bxg2 16. Kxg2 Kxg7 17. Qd4+ Qf6 18. Qxf6+ Kxf6 19. Rfe1) 7... Ne5 ({RR} 7... Nb4 8. a3 ({RR} 8. Nf3 c6 ({RR} 8... e6) 9. Be2 Nd7 10. O-O Qc7 11. Bd4 Ne5 12. Nxe5 Bxe5 13. Bxe5 dxe5 14. a3 Na6 15. b4 c5 16. Rb1 Qd8 17. Qd2 Bd7 18. Qe3 Rc8 19. b5 Nc7 20. f4 exf4 21. Qxf4 Ne8 22. e5) 8... Na6 9. Bd3 e6 ({RR} 9... Nd7 10. Nf3 Nac5 11. Bc2 Nb6 12. Qe2 Bxc3+ 13. bxc3 Nba4 14. Bh6 Re8 15. e5 e6 16. Bg5 Qd7 17. Bf6 exd5 18. Qd2 Qe6 19. O-O dxe5 20. Bxe5 f6 21. cxd5 Qf7 22. Bd4 Qxd5 23. c4 Qf7 24. Rfe1) 10. Nge2 Nc5 ({RR} 10... Re8 11. b4) 11. Bc2 exd5 12. cxd5 Re8 13. f3 Nh5 14. g4 Nf6 15. Nd4 a5 16. Qd2 Bd7 17. O-O-O ({RR} 17. O-O) 17... Rb8 18. h4 b5 19. b4 axb4 20. axb4 Na6 21. Na2) ({RR} 7... Nb8 8. Nf3 c6 9. Bd3 e6 10. dxe6 Bxe6 11. O-O Nbd7 12. Ng5 Re8 13. Qd2 Qe7 14. Rfe1 Ne5 15. b3 a6 16. Bc2 Bc8 17. f4 Ned7 18. Rad1 h6 19. Nf3 Nh7 20. Ne2) 8. f4 ({RR} 8. Qd2 e6 9. f4 Ned7 10. dxe6 fxe6 11. g4 b5 12. cxb5 Bb7 ({RR} 12... a6 13. Nf3 axb5 14. Bxb5 Bb7 15. Qc2 d5 16. e5 d4 17. Nxd4 Bxh1 18. Nxe6 Qe7 19. Bc4 Kh8 20. O-O-O Bb7 21. Nxg7 Nb6 22. Bb3) 13. Bg2 ({RR} 13. Bd3 d5) 13... a6 14. bxa6 Rxa6) ({RR} 8. Be2 e6 9. Nf3 Nxf3+ 10. Bxf3 Nd7) 8... Ned7 9. Bd3 ({RR} 9. g4 c6 ({RR} 9... e5 10. f5 Nc5 11. Qc2 gxf5 12. exf5 h6 13. O-O-O) ({RR} 9... e6 10. dxe6 fxe6 11. Bg2) 10. Nf3 cxd5 11. cxd5 ({RR} 11. exd5 Nc5 ({RR} 11... Re8)) 11... b6 ({RR} 11... Nc5 12. Bxc5 dxc5 13. e5 Nd7 14. Qc2 Qa5 15. Nd2 Nb6 16. a3 Nd7 17. O-O-O a6 18. Bg2 Rb8 19. d6 e6 20. h4 b5 21. h5 b4 22. Nc4 Qd8 23. hxg6 bxc3 24. gxf7+ Rxf7 ({RR} 24... Kxf7 25. Qxc3) 25. Qxh7+ Kf8 26. Qh8+) 12. Nd4 Nc5 13. Qf3 ({RR} 13. Bg2 Ba6) ({RR} 13. Qc2 Ncxe4 ({RR} 13... e6) ({RR} 13... Bb7 14. Bg2 e6 15. O-O exd5 16. exd5 Re8 17. Bf2 Qd7 18. Rfe1 Na6 19. Nc6 Nc7 20. Rad1 Rxe1+ 21. Rxe1 Re8 22. Rxe8+ Qxe8 23. b4 a6 24. a4 b5 25. axb5 axb5 26. Qd3 Ncxd5) 14. Nxe4 ({RR} 14. g5 Nxc3 15. gxf6 Nxd5 16. fxg7 Re8) 14... Nxd5) ({RR} 13. Nc6 Qe8 14. Bg2 Ba6 15. Bxc5 bxc5 16. Qd2) 13... Bb7 ({RR} 13... Ncxe4 14. g5 Nxc3 15. gxf6 Bxf6 16. bxc3) ({RR} 13... e6 14. g5 Nh5 15. O-O-O exd5 16. exd5 ({RR} 16. Nxd5 Bb7) 16... f6) 14. g5 ({RR} 14. O-O-O e6) 14... Nfxe4 ({RR} 14... Nh5 15. f5 Be5 ({RR} 15... Rc8)) 15. Nxe4 Bxd5 16. Nf6+ exf6 17. Qxd5 Re8 18. Nc2 ({RR} 18. Qf3 fxg5 ({RR} 18... Qe7 19. Nc2 fxg5 20. O-O-O Qf6 21. Bd4 Qxf4+ 22. Qxf4 gxf4 23. Bb5) 19. O-O-O gxf4 20. Qxf4 Re4 21. Qf3) 18... fxg5 19. O-O-O gxf4 20. Bd4 ({RR} 20. Bxf4 Qf6 21. Qd4 Qf5 22. Qxd6 ({RR} 22. Qd2 Na4) 22... Ne4) 20... Bxd4 21. Qxd4 Ne6 ({RR} 21... Qh4) 22. Qd2 ({RR} 22. Qxd6 Qf6) 22... Qf6 23. Kb1 Rac8 {1-0 Caruana,F (2822)-Firouzja,A (2723) Tata Steel-A 82nd 2020 (10)}) 9... e5 ({RR} 9... c6 10. Nge2 cxd5 11. exd5 Nc5 12. Bc2 e6 13. O-O exd5 14. cxd5 Re8 15. Bd4 Bd7 16. Ng3 b5 17. b4 Na4 18. Bxa4 bxa4 19. f5 Rc8 20. fxg6 fxg6 21. Qd3 Rf8 22. Rf3 Qc7 23. Raf1 Qc4 24. Qxc4 {1-0 Seo,J (2478)-Chatalbashev,B (2466) Lewis Chess Legends Open 2024 (9.1)}) 10. Nge2 $146 ({RR} 10. dxe6 fxe6 11. g4 b6 12. Qc2 Bb7 13. O-O-O Qe7 14. Nge2 Nc5 15. Ng3 Nxd3+ 16. Rxd3 Rf7 17. Rdd1 a6 18. Nce2 b5 19. c5 dxc5 20. Bxc5 Qe8 21. Kb1 e5 22. g5 Nd7 23. f5 gxf5 24. exf5 Nxc5 {½-½ Koneru,H (2618)-Zhang,X (2367) CHN-chT China 2013 (17.5)}) ({RR} 10. dxe6 fxe6 11. Nge2 b6 12. O-O Qe7 13. Qd2 Bb7 14. Bc2 Nc5 15. Ng3 a5 16. Rae1 Nfd7 17. b3 Qh4 18. Nge2 Nf6 19. Bf2 Qh6) ({RR} 10. f5 gxf5 11. exf5 e4) ({RR} 10. dxe6 fxe6 11. Nge2 b6 12. Qc2 Bb7 13. O-O-O Nc5 14. g4 Nfd7 15. h4 Nxd3+ 16. Qxd3 Nc5 17. Qc2 Qe8 18. h5 a6 19. hxg6 Qxg6 20. f5 Qf7 21. Bh6 Bxh6+ 22. Rxh6 Qg7 23. Rdh1 Rf7 24. b4 Nxe4 {1-0 Rakhmanov,A (2614)-Trost,E (2440) Titled Tue 21st Nov Early 2023 (5)}) ({RR} 10. dxe6 fxe6 11. Nge2 b6 12. O-O Qe7 13. Qd2 Bb7 14. Bc2 Nc5 15. Ng3 a5 16. Rae1 Nfd7 17. b3 Qh4 18. Nge2 Nf6 19. Bf2 Qh6 20. Be3 Ncxe4 21. Nxe4 Nxe4 22. Bxe4 Bxe4 23. f5 Qh5 24. Ng3 Qh4 {0-1 Studer,N (2546)-Cheparinov,I (2686) Gibraltar Masters 18th 2020 (8)}) 10... exf4 11. Nxf4 Re8 12. O-O Nc5 13. Bd4 Nxd5 14. Bxg7 Nxf4 15. Rxf4 Kxg7 16. Qf3 Be6 17. Rf1 c6 18. Be2 Nd7 19. Nd1 Ne5 20. Qg3 Qa5 21. Ne3 Qxa2 22. Nf5+ Bxf5 23. exf5 Qxb2 24. Bh5 Kh8 25. fxg6 fxg6 26. Bd1 Qb6+ 27. Kh1 Qd8 28. Bc2 Qe7 29. Qf2 Kg7 30. h4 Rf8 31. h5 Rxf4 32. Qxf4 Rf8 33. h6+ Kg8 0-1

[Event "45th Olympiad 2024"]
[Site "Budapest HUN"]
[Date "2024.09.16"]
[Round "6.62"]
[Board "3"]
[White "Glaves, Raheem"]
[Black "Kalidjo, Imaan"]
[Result "1/2-1/2"]
[WhiteElo "2094"]
[BlackElo "1934"]
[PlyCount "109"]
[EventDate "2024.09.11"]
[WhiteTeam "Jamaica"]
[BlackTeam "Suriname"]
[WhiteTeamCountry "JAM"]
[BlackTeamCountry "SUR"]

1. d4 Nf6 2. c4 g6 3. Nc3 Bg7 4. e4 d6 5. Nge2 Nbd7 6. Ng3 e5 7. d5 O-O 8. h4 h5 9. Bg5 a5 10. Be2 Re8 11. Bxh5 gxh5 12. Nxh5 Nf8 13. Qf3 N8h7 14. Nd1 $146 ({RR} 14. Nxg7 Kxg7 15. Qe2 Qd7 16. Rh3 Rg8 17. Qd2 Kf8 18. Rf3 Nh5 19. Rf5 Nxg5 20. Rxg5 Nf4 21. Rxg8+ Kxg8 22. O-O-O Qg4 23. g3 Nh5 24. Qe3 Kh7 25. Ne2 Qg6 26. Rg1 Qh6 27. Kd2 Bg4 28. Nc3 Qxe3+ {1-0 Garcia Galeote,L (1809)-Garcia Roman,J (1987) Rutas de Cuenca op 6th 2019 (7)}) ({RR} 14. Nxg7 Kxg7 15. O-O-O Rh8 16. Nb5 Bd7 17. Qe3 Nxg5 18. hxg5 Nh5 19. g3 f5 20. exf5 Bxf5 21. Rh4 Bg6 22. Rdh1 Qd7 23. Nc3 Raf8 24. Ne4 Qf5 25. Kd2 Nf4 26. gxf4 Qxe4 27. Qxe4 Bxe4 28. Rxh8 Rxh8 {0-1 Demikhov,M (1978)-Sidorov,A (2188) Irkutsk Veda 2015 (7)}) 14... Bg4 15. Nxf6+ Nxf6 16. Bxf6 Bxf3 17. Bxd8 Bxd1 18. Bxc7 Bc2 19. Bxd6 Bxe4 20. Bc7 Bf5 21. Rd1 e4 22. O-O a4 23. b4 axb3 24. axb3 Ra3 25. d6 Bd7 26. b4 Bf6 27. b5 Bxh4 28. c5 Bxb5 29. d7 Rea8 30. c6 bxc6 31. Rfe1 Rd3 32. Rxd3 Bxd3 33. Rc1 Bb5 34. Rd1 Bd8 35. Bd6 Ra7 36. Bc5 Rb7 37. Rd4 Kg7 38. g4 Kf6 39. Kg2 Ke5 40. Kg3 Bd3 41. f4+ Kf6 42. Rd6+ Kg7 43. g5 Bc4 44. f5 Be6 45. fxe6 fxe6 46. Bd4+ Kf7 47. Bf6 Rb8 48. Bxd8 Rxd8 49. Rd1 Ke7 50. g6 Kf6 51. Kf4 e3 52. g7 e2 53. Rg1 e1=Q 54. Rxe1 Kxg7 55. Rxe6 1/2-1/2

[Event "45th Olympiad 2024"]
[Site "Budapest HUN"]
[Date "2024.09.16"]
[Round "6.62"]
[Board "4"]
[White "Chashawa, Shaief"]
[Black "Shaw, Jaden"]
[Result "0-1"]
[WhiteElo "1825"]
[BlackElo "2051"]
[PlyCount "116"]
[EventDate "2024.09.11"]
[WhiteTeam "Suriname"]
[BlackTeam "Jamaica"]
[WhiteTeamCountry "SUR"]
[BlackTeamCountry "JAM"]

1. e4 e6 2. d4 d5 3. Nc3 Bb4 4. e5 c5 5. a3 Bxc3+ 6. bxc3 Qa5 7. Qg4 ({RR} 7. Bb2 Qa4 8. Nf3 b6 9. c4 Ba6 10. cxd5 Bxf1 11. Kxf1 exd5 12. h4 Ne7 13. h5 Nf5 14. h6 Rg8 15. c3 Qc4+ 16. Qe2 Qxe2+ 17. Kxe2 cxd4 18. cxd4 Nc6 19. Kd3 gxh6 20. Rh5 Nce7 {1-0 Kovalev,A (2539)-Hasangatin,R (2523) Karvina op 2003 (6)}) ({RR} 7. Nf3 cxd4 8. Bd3 Nc6 9. O-O dxc3 10. Be3 Nge7 11. Qe2 Ng6 12. Bxg6 hxg6 13. Bf4 Bd7 14. Rfb1 O-O-O 15. a4 Kc7 16. Rb5 Qa6 17. Qe3 Rb8 18. Qxc3 Kd8 19. Ng5 Rf8 20. Rc5 Qb6 21. Be3 Qc7 {0-1 Preobrazhenskaya,D (2023)-Clarke,A (1919) Titled Tue 23rd Jul Early 2024 (7)}) 7... Qxc3+ 8. Kd1 Ne7 $146 ({RR} 8... Qxd4+ 9. Qxd4 cxd4 10. Nf3 Nc6 11. Bb2 f6 12. Bb5 Nge7 13. Bxd4 Kf7 14. Bb2 a6 15. Ba4 b5 16. Bb3 Bb7 17. Re1 Na5 18. a4 Nec6 19. g3 Nc4 20. Bxc4 dxc4 21. exf6 gxf6 22. Re3 e5 23. Ke2 {0-1 Ressel,E (1535)-Herring,S (1719) BCF-chT3S 1314 (4NCL) 2013 (4.100)}) ({RR} 8... Nh6 9. Qxg7 Qxd4+ 10. Ke2 Rg8 11. Qxh6 Qxe5+ 12. Kd1 Qxa1 13. Qxh7 Qh8 14. Qd3 Rg4 15. Ne2 b6 16. h3 Ba6 17. Qf3 f5 18. hxg4 Qxh1 19. Ke1 Nc6 20. gxf5 Nd4 21. Qg4 Bxe2 22. Qg8+ Kd7 23. Qf7+ {0-1 Skuhala,B (2103)-Petrovic,A (2263) Titled Tue 13th Dec Early 2022 (7)}) 9. Rb1 Qxd4+ 10. Qxd4 cxd4 11. Nf3 Nbc6 12. Bb2 Ng6 13. Bb5 Bd7 14. Bxc6 Bxc6 15. Bxd4 O-O 16. h4 Rfc8 17. h5 Ne7 18. Bc5 Nf5 19. Rb2 d4 20. Bb4 Bxf3+ 21. gxf3 Rc6 22. f4 Rac8 23. Rh3 h6 24. Rd3 Kh7 25. Kd2 b6 26. Kd1 R8c7 27. c3 dxc3 28. Rc2 Rc4 29. Rdxc3 Rd7+ 30. Kc1 Rxf4 31. Rc7 Rxc7 32. Rxc7 a5 33. Bd6 Rxf2 34. Rxf7 Rf1+ 35. Kd2 Rh1 36. Rb7 Rxh5 37. Rxb6 Rg5 38. Bc7 Rg2+ 39. Kc3 Ne3 40. Kd4 Nd5 41. Rc6 Rg4+ 42. Kc5 a4 43. Ba5 Nf4 44. Bd2 Nd3+ 45. Kd6 Rg2 46. Bc3 Nf4 47. Rc4 g5 48. Rxa4 Kg6 49. Rd4 Kf5 50. a4 Ra2 51. Rb4 Nd5 52. Rb8 Nxc3 53. Rf8+ Kg4 54. Kxe6 Rxa4 55. Rc8 Ra6+ 56. Kd7 Nd5 57. Rc5 Nf4 58. Rb5 Re6 0-1

[Event "45th Olympiad 2024"]
[Site "Budapest HUN"]
[Date "2024.09.16"]
[Round "6.63"]
[Board "1"]
[White "Al Maashani, Amer"]
[Black "Espinoza Solano, Jose Nahum"]
[Result "1/2-1/2"]
[WhiteElo "1979"]
[BlackElo "2156"]
[PlyCount "83"]
[EventDate "2024.09.11"]
[WhiteTeam "Oman"]
[BlackTeam "Nicaragua"]
[WhiteTeamCountry "OMN"]
[BlackTeamCountry "NCA"]

1. e4 e5 2. Nf3 Nc6 3. Nc3 Nf6 4. a3 a6 5. d4 exd4 6. Nxd4 d6 7. Be2 ({RR} 7. Bg5 Be7 8. Be2 O-O 9. Qd3 Ne5 10. Qg3 Kh8 11. O-O-O h6 12. Be3 Bd7 13. h3 b5 14. f4 Ng6 15. Qf2 c5 16. Nf5 b4 17. Nxe7 bxc3 18. Nxg6+ fxg6 19. bxc3 Nxe4 20. Qf3 Nxc3 21. Rxd6 Qe7 {0-1 Radzimski,A (2038)-Paveto,K (2407) Titled Tue 16th Jul Late 2024 (7)}) 7... Bd7 $146 ({RR} 7... Be7 8. O-O O-O 9. f4 Re8 10. Bf3 Bf8 11. Re1 Bd7 12. Qd3 Bg4 13. Nxc6 bxc6 14. h3 Bxf3 15. Qxf3 Rb8 16. b3 c5 17. Qd3 Qc8 18. Bb2 c6 19. Rad1 Nh5 20. Qf3 Nf6 21. Nb1 c4 22. Bxf6 {1-0 Babiy,O (2228)-Sarquis,M (2091) Djerba Online (Women) blitz 2020 (14)}) ({RR} 7... Be7 8. O-O O-O 9. Be3 Re8 10. f3 d5 11. Nxc6 bxc6 12. e5 Nd7 13. f4 f5 14. Nxd5 Nf8 15. Nxe7+ Qxe7 16. Bf3 Bb7 17. Qe2 Ne6 18. Rfd1 Rab8 19. Qc4 c5 20. Bxb7 Rxb7 21. b3 Rb6 22. Rd5 {1-0 Christiansen,J (2486)-Nigmatov,O (2431) Titled Tuesday intern op 3rd April blitz 2018 (5)}) ({RR} 7... Be7 8. Be3 Bd7 9. f3 Nxd4 10. Qxd4 c5 11. Qd2 Bc6 12. Bc4 b5 13. Bd5 Qc7 14. Bg5 Nxd5 15. Nxd5 Bxd5 16. Qxd5 O-O 17. Bxe7 Qxe7 18. O-O Qe5 19. Qxe5 dxe5 20. Rad1 Rfd8 21. Kf2 Kf8 22. Ke2 {½-½ Molano Lafuente,I (2071)-Borrellas Comellas,J (1935) Torredembarra op 21st 2019 (6)}) ({RR} 7... Be7 8. Be3 O-O 9. Qd2 Nxd4 10. Bxd4 b5 11. O-O-O Bb7 12. f3 Nd7 13. Nd5 Bxd5 14. exd5 Bf6 15. Be3 Qb8 16. g4 g6 17. h4 a5 18. g5 Bh8 19. h5 b4 20. a4 b3 21. c3 Qe8 22. Bb5 {1-0 Popa,C (1731)-Patru,A (1623) Braila Albulet Memorial (Women) 10th 2017 (5)}) 8. O-O Be7 9. f4 O-O 10. Bf3 Nxd4 11. Qxd4 Bc6 12. b3 Nd7 13. Nd5 Bxd5 14. Qxd5 c6 15. Qd2 Bf6 16. Rb1 Nc5 17. Qf2 Qe7 18. Re1 Rfe8 19. a4 Bc3 20. Bd2 Bxd2 21. Qxd2 Qf6 22. Rbd1 Rad8 23. g3 g5 24. Bg2 gxf4 25. gxf4 Kh8 26. Qf2 Ne6 27. Rxd6 Rxd6 28. e5 Qxf4 29. exd6 Qxf2+ 30. Kxf2 Rd8 31. Rd1 Kg7 32. b4 Kf6 33. b5 axb5 34. axb5 cxb5 35. Bxb7 Nc5 36. Bc6 Ke6 37. d7 b4 38. Rd4 Nxd7 39. Ke3 Ke7 40. Bxd7 Rxd7 41. Rxb4 Ke6 42. Rb6+ 1/2-1/2

[Event "45th Olympiad 2024"]
[Site "Budapest HUN"]
[Date "2024.09.16"]
[Round "6.63"]
[Board "2"]
[White "Alfaro, William"]
[Black "Salim Mohammed, Salim Al Amri"]
[Result "1-0"]
[WhiteElo "2133"]
[BlackElo "1926"]
[PlyCount "63"]
[EventDate "2024.09.11"]
[WhiteTeam "Nicaragua"]
[BlackTeam "Oman"]
[WhiteTeamCountry "NCA"]
[BlackTeamCountry "OMN"]

1. d4 Nf6 2. c4 e6 3. Nf3 c5 4. d5 d6 5. Nc3 g6 6. h3 Bg7 7. e4 O-O 8. Bd3 Na6 9. O-O Nc7 10. Re1 e5 11. a3 Nh5 12. Bg5 f6 13. Be3 Nf4 14. Bxf4 exf4 15. Qd2 $146 ({RR} 15. Qc2 Kh8 16. Nh2 Qe7 17. Be2 Bd7 18. Bg4 Bxg4 19. hxg4 Rfe8 20. Qd2 Bh6 21. Qd3 Bg7 22. Qd2 Bh6 23. Qd3 {½-½ Stepak,Y (2268)-Jakobsen,O (2381) EU-ch Seniors 03rd 2003 (7)}) 15... g5 16. b4 b6 17. Rab1 Qe8 18. bxc5 bxc5 19. e5 fxe5 20. Nxg5 Bf5 21. f3 Qg6 22. Bxf5 Rxf5 23. Nge4 Rf7 24. Rb7 Bf8 25. Reb1 a6 26. R1b6 Rg7 27. Nxc5 Qg3 28. N5e4 Qh4 29. c5 dxc5 30. d6 Ne6 31. Rxg7+ Nxg7 32. Qd5+ 1-0

[Event "45th Olympiad 2024"]
[Site "Budapest HUN"]
[Date "2024.09.16"]
[Round "6.63"]
[Board "3"]
[White "Al Maashani, Abdullah"]
[Black "Sanchez, Steven"]
[Result "0-1"]
[WhiteElo "1893"]
[BlackElo "2072"]
[PlyCount "122"]
[EventDate "2024.09.11"]
[WhiteTeam "Oman"]
[BlackTeam "Nicaragua"]
[WhiteTeamCountry "OMN"]
[BlackTeamCountry "NCA"]

1. e4 e6 2. d3 d5 3. Nd2 Nf6 4. Ngf3 c5 5. g3 Nc6 6. Bg2 Be7 7. O-O O-O 8. Re1 h6 9. h4 b5 10. e5 Nh7 11. Nf1 a5 12. N1h2 Re8 $146 ({RR} 12... b4 13. Ng4 Re8 14. Bf4 a4 15. a3 Bb7 16. Qd2 Bf8 17. Bf1 d4 18. Bg2 b3 19. cxb3 axb3 20. Rac1 Na5 21. Qe2 Rc8 22. Nd2 Bxg2 23. Kxg2 Qd5+ 24. Kh2 h5 25. Nh6+ gxh6 26. Ne4 Nb7 27. Qxh5 {1-0 Rosenthal,N (2059)-Svane,F (2636) Titled Tue 2nd Jul Early 2024 (7)}) 13. Ng4 Bf8 14. Bf4 a4 15. a3 b4 16. Qc1 Bd7 17. c3 Na5 18. Qe3 bxc3 19. bxc3 Rb8 20. Rab1 Rb3 21. Rxb3 axb3 22. Rb1 Qe7 23. c4 Ba4 24. Bf1 Qb7 25. Be2 Rd8 26. Qd2 Qa8 27. Qc3 Nc6 28. Bd1 dxc4 29. Qxc4 Nd4 30. Nxd4 Rxd4 31. Qc3 Qd8 32. Be2 Be7 33. Nh2 f6 34. Nf3 Rd5 35. exf6 Bxf6 36. Be5 Bxe5 37. Nxe5 Nf6 38. Ng6 Qd6 39. Qa5 Rd4 40. Qa8+ Qd8 41. Qa7 Nd7 42. Nf4 Qf6 43. Bf1 Bc6 44. Rxb3 Rxf4 45. gxf4 Qxh4 46. f3 Qxf4 47. Bg2 Qd4+ 48. Kh1 Qa1+ 49. Kh2 Qe5+ 50. Kg1 Qe3+ 51. Kh2 Ne5 52. Qb8+ Kh7 53. d4 Qf4+ 54. Kg1 Qxd4+ 55. Kh1 Qh4+ 56. Kg1 Qg3 57. Kf1 Qf4 58. Kg1 c4 59. Rb1 c3 60. Rb4 c2 61. Rc4 c1=Q+ 0-1

[Event "45th Olympiad 2024"]
[Site "Budapest HUN"]
[Date "2024.09.16"]
[Round "6.63"]
[Board "4"]
[White "Ortiz, Marcos"]
[Black "Al Busaidi, Hamood"]
[Result "1-0"]
[WhiteElo "2191"]
[BlackElo "1881"]
[PlyCount "127"]
[EventDate "2024.09.11"]
[WhiteTeam "Nicaragua"]
[BlackTeam "Oman"]
[WhiteTeamCountry "NCA"]
[BlackTeamCountry "OMN"]

1. e4 c6 2. d4 d5 3. Nc3 dxe4 4. Nxe4 Nf6 5. Nxf6+ exf6 6. c3 Bd6 7. Bd3 O-O 8. Qc2 Re8+ 9. Ne2 h5 10. O-O h4 11. Bd2 Nd7 12. Rfe1 Nf8 13. h3 Qc7 ({RR} 13... Bd7 14. c4 Qc8 15. Nf4 Qc7 16. Ne2 Qc8 17. Qb3 b5 18. cxb5 cxb5 19. Rac1 Qd8 20. Nc3 Rxe1+ 21. Rxe1 Rb8 22. Qd5 Be6 23. Qh5 b4 24. Ne2 f5 25. Bg5 Qa5 26. b3 Qxa2 27. Nc1 Qa1 28. Qxh4 {1-0 Ghayourifar,A (2164)-Sadeghi Givi,R (1975) 20th Iranian Super League 2024 (3.16)}) 14. c4 Qd8 15. Nc3 $146 ({RR} 15. Rad1 Bc7 16. d5 cxd5 17. cxd5 Bd7 18. Qc4 f5 19. Nd4 Rc8 20. Qb3 Rxe1+ 21. Bxe1 Qf6 22. Nf3 Ng6 23. d6 Bxd6 24. Qxb7 Rc7 25. Qb8+ Kh7 26. Bxf5 Qxf5 27. Rxd6 Rc1 28. Qd8 Be6 29. Rd1 Rxd1 {½-½ Xiong,J (2708)-Najer,E (2635) FIDE Chess.com Grand Swiss 2019 (6)}) 15... Rxe1+ 16. Rxe1 Bc7 17. d5 Qd6 18. f4 Bb6+ 19. Kh1 Qd8 20. b4 a5 21. a3 axb4 22. axb4 Bf2 23. Rf1 Bd4 24. Be4 cxd5 25. Nxd5 Ra3 26. Bf3 g6 27. Qe4 Bb2 28. Qe7 Qd7 29. Bc1 Ra1 30. Nxf6+ Bxf6 31. Qxf6 Qd3 32. Rg1 Ra6 33. Qxh4 Qc3 34. Qe1 Qxc4 35. Be2 Qb3 36. Bxa6 bxa6 37. Be3 Bf5 38. Bd4 Ne6 39. Bf6 Kf8 40. Qh4 Ke8 41. Rc1 Qxb4 42. Qh8+ Nf8 43. Rd1 Bd7 44. Bg5 a5 45. Qf6 Ne6 46. Qe5 Qc5 47. Qb8+ Qc8 48. Qxc8+ Bxc8 49. Ra1 f6 50. Bxf6 Nxf4 51. Bg5 Nd3 52. Rxa5 Kf7 53. Kg1 Bf5 54. g4 Be4 55. Be3 Ke6 56. Bd4 Bb7 57. Kh2 Nf4 58. Re5+ Kd6 59. Rg5 Kd7 60. Be3 Nd5 61. Bd2 Ne7 62. Bb4 Nd5 63. Rxg6 Nxb4 64. Rb6 1-0

[Event "45th Olympiad 2024"]
[Site "Budapest HUN"]
[Date "2024.09.16"]
[Round "6.64"]
[Board "1"]
[White "Juarez Flores, Carlos A."]
[Black "Ayyad, Husain"]
[Result "1-0"]
[WhiteElo "2308"]
[BlackElo "2129"]
[PlyCount "75"]
[EventDate "2024.09.11"]
[WhiteTeam "Guatemala"]
[BlackTeam "Bahrain"]
[WhiteTeamCountry "GUA"]
[BlackTeamCountry "BHN"]

1. d4 Nf6 2. Nf3 e6 3. e3 d5 4. Bd3 Bd6 5. O-O Nbd7 6. c4 c6 7. Nc3 O-O 8. e4 dxc4 9. Bxc4 b5 10. e5 bxc4 11. exd6 Nb6 12. Bf4 Nbd5 13. Be5 Nxc3 14. bxc3 Nd5 $146 ({RR} 14... Ne4 15. Qa4 Qd7 16. Bf4 f6 17. Rfe1 Nxc3 18. Qxc4 Nb5 19. Qc5 Rd8 20. Rad1 Bb7 21. Rb1 Ba6 22. Qc4 Bc8 23. d5 exd5 24. Qc5 Nxd6 25. Nd4 Ne4 26. Qxc6 Qxc6 27. Nxc6 Rd7 28. Nb8 Rb7 29. Rxb7 {1-0 Nisipeanu,L (2684)-Abergel,T (2517) FRA-chT Top 16 GpA 2008 (4)}) 15. Qa4 Nb6 16. Qa3 Bb7 17. Bg3 f5 18. Bh4 Qe8 19. Be7 Rf6 20. Bxf6 gxf6 21. Nd2 Qh5 22. d7 Nxd7 23. Qd6 Qe8 24. Rfe1 Kf7 25. Nxc4 Ba6 26. Qxc6 Bxc4 27. Qxc4 Nb6 28. Qe2 Rc8 29. Rac1 Qc6 30. Qh5+ Kg7 31. Re3 Nd5 32. Rh3 Rg8 33. Qxh7+ Kf8 34. Rg3 Rxg3 35. hxg3 Nxc3 36. Kh2 Qc4 37. Qh6+ Kf7 38. Qe3 1-0